All Young Dolph Songs - Statistics

General Stats
  • This quiz has been taken 38 times
    31 since last reset
  • The average score is 40 of 415
Answer Stats
Album Song % Correct
King of Memphis F**k It
65%
Bulletproof 100 Shots
57%
Gelato On the River
57%
Bosses & Shooters F**k a N***a
52%
Cross Country Trappin Preach
52%
Gelato Gelato
48%
Role Model Major
48%
Gelato Play Wit Yo' B***h
43%
Rich Slave Rich Slave
39%
Rich Crack Baby 150
35%
Rich Slave No Sense
35%
16 Zips 16 Zips
30%
Rich Slave 1 Scale
30%
Dum and Dummer 2 Case Closed
30%
Paper Route Campaign | Welcome 2 Dolph World No Panties
30%
Dum and Dummer 2 Penguins
30%
Rich Slave RNB
30%
Rich Crack Baby Trappa
30%
Dum and Dummer Water on Water on Water
30%
A Time 2 Kill A-Plus
26%
Rich Crack Baby Foreva
26%
Paper Route Frank Hall of Fame
26%
Rich Crack Baby If
26%
Bulletproof In Charlotte
26%
Gelato Meech
26%
Paper Route Frank Thats How
26%
Rich Crack Baby What Yo Life Like
26%
High Class Street Music Dolph!!!!!
22%
Dum and Dummer Dum & Dummer (Intro)
22%
Paper Route Frank Get Away
22%
King of Memphis Get Paid
22%
Thinking Out Loud Go Get Sum Mo
22%
Paper Route Frank Love for the Streets
22%
Dum and Dummer 2 RAIN RAIN
22%
Rich Crack Baby Rich Crack Baby
22%
Bulletproof That's How I Feel
22%
Rich Crack Baby Want It All
22%
Thinking Out Loud What's the Deal
22%
Dum and Dummer 2 A Goat & a Dolphin
17%
Gelato Bagg
17%
Bosses & Shooters Ball
17%
Bosses & Shooters Da Shooters
17%
High Class Street Music 5: The Plug Best Friend Forever
17%
High Class Street Music 5: The Plug Best Friend Go Get the Money
17%
Rich Slave Green Light
17%
Bulletproof I'm Everything You Wanna Be
17%
Dum and Dummer 2 In GLOCK we trust
17%
Rich Crack Baby Nothin
17%
High Class Street Music 5: The Plug Best Friend Pulled Up
17%
Gelato Run It Up
17%
Rich Crack Baby Star Power
17%
Thinking Out Loud Thinking Out Loud
17%
Rich Slave To Be Honest
17%
Dum and Dummer 1 Hell of a Life
13%
Dum and Dummer Back to Back
13%
Gelato Baller Alert
13%
Paper Route Frank Blind Fold
13%
Role Model Break the Bank
13%
Bulletproof But I'm Bulletproof
13%
Role Model By Mistake
13%
Dum and Dummer 2 Cheat Code
13%
Dum and Dummer Crashin' Out
13%
Rich Slave Death Row
13%
South Memphis Kingpin Dope Boy
13%
16 Zips Down South Hustlers
13%
Gelato Drop It Off
13%
Thinking Out Loud Eddie Cane
13%
Rich Crack Baby Feet Up
13%
High Class Street Music 2: Hustler's Paradise Gangsta
13%
Tracking Numbers Heron
13%
Role Model How U Luv Dat
13%
Blue Magic I Ain't Lyin
13%
Dum and Dummer | High Class Street Music | High Class Street Music 2: Hustler's Paradise | +2 others Intro
13%
Bulletproof I Pray for My Enemies
13%
Role Model I Think I Can Fly
13%
Blue Magic Juiced Up
13%
Dum and Dummer Juicy
13%
N***as Get Shot Everyday Kush on the Yacht
13%
Rich Slave Large Amounts
13%
Blue Magic | Paper Route Campaign My Real Life
13%
Rich Crack Baby Nervous
13%
Thinking Out Loud Pacific Ocean
13%
Paper Route Campaign Paper Route Campaign
13%
Welcome 2 Dolph World Rubberband Money
13%
Bulletproof SMH
13%
Paper Route Frank Smoke My Weed
13%
Bulletproof So Fuk'em
13%
South Memphis Kingpin South Memphis
13%
Rich Crack Baby Strippa
13%
Dum and Dummer Summo
13%
Single Sunshine
13%
Tracking Numbers Tracking Numbers
13%
High Class Street Music 3: Trappin Out a Mansion Two
13%
Paper Route Frank Uh Uh
13%
Welcome 2 Dolph World Welcome to Dolph World
13%
Thinking Out Loud While U Here
13%
Gelato Whole Lot
13%
Dum and Dummer 2 Yeeh Yeeh
13%
High Class Street Music 4: American Gangster Young N***a
13%
East Atlanta Memphis 360
9%
High Class Street Music 5: The Plug Best Friend 3 Way
9%
High Class Street Music 5: The Plug Best Friend All Mine
9%
Thinking Out Loud All of Mine
9%
Bulletproof All of Them
9%
Dum and Dummer 2 Aspen
9%
South Memphis Kingpin At Tha House
9%
Cross Country Trappin At the House
9%
Bosses & Shooters Attic
9%
Dum and Dummer Baby Joker
9%
Blue Magic Bad Girl
9%
Thinking Out Loud Believe Me
9%
Blue Magic Big Bag
9%
High Class Street Music 5: The Plug Best Friend Big Deal
9%
Role Model Black Queen
9%
Dum and Dummer Blac Loccs
9%
N***as Get Shot Everyday Blonde and a Onion
9%
Blue Magic Blow Sniffer
9%
A Time 2 Kill | High Class Street Music Booked Up
9%
Paper Route Campaign Boss N***a
9%
16 Zips Boyz in da Hood
9%
Tracking Numbers Bundle
9%
Rich Slave Buy My Way in Heaven
9%
Blue Magic Call Me Back
9%
Welcome 2 Dolph World Castalia
9%
High Class Street Music 2: Hustler's Paradise Chances
9%
High Class Street Music 5: The Plug Best Friend Cold World
9%
Paper Route Campaign Count This Money
9%
Rich Slave CrayCray
9%
Cross Country Trappin Cross Country
9%
Blue Magic Dat Recipe
9%
High Class Street Music 5: The Plug Best Friend Dead Ass Serious
9%
Tracking Numbers Die Young
9%
High Class Street Music 2: Hustler's Paradise Distribution Center
9%
Blue Magic Dolph Speaks
9%
Welcome 2 Dolph World Dopeboys
9%
Blue Magic Dream
9%
Thinking Out Loud Drippy
9%
Blue Magic Drop It on the Scale
9%
Dum and Dummer Everybody Know
9%
King of Memphis Facts
9%
Rich Slave Fast
9%
Paper Route Campaign Gangsta Muzik
9%
Cross Country Trappin | High Class Street Music 3: Trappin Out a Mansion | South Memphis Kingpin Get This Money
9%
Rich Slave Gimme My Bag
9%
Tracking Numbers Good Drugs
9%
Dum and Dummer 2 Hashtag
9%
High Class Street Music 5: The Plug Best Friend Having Thangs
9%
Rich Slave Hold Up Hold Up Hold Up
9%
Paper Route Campaign Holla at Me
9%
Tracking Numbers Hot Head
9%
Paper Route Campaign Hotter Than a Crack Pot
9%
Paper Route Campaign How U Feel
9%
High Class Street Music 5: The Plug Best Friend Hustler Mentality
9%
Blue Magic I Don't See Them
9%
Blue Magic I Got This
9%
Blue Magic I Just Landed
9%
Welcome 2 Dolph World I'm Gone
9%
High Class Street Music 4: American Gangster I'm Juggin
9%
Bulletproof I'm So Real
9%
High Class Street Music 2: Hustler's Paradise I'm Wit It
9%
Paper Route Frank Infatuated with Drugs
9%
Rich Slave I See $'s
9%
Tracking Numbers Knuckles
9%
Role Model Lipstick
9%
High Class Street Music 2: Hustler's Paradise Long Money
9%
Blue Magic Make It Happen
9%
High Class Street Music 5: The Plug Best Friend Make the World Go Round
9%
High Class Street Music 5: The Plug Best Friend Meet the Connect
9%
Paper Route Campaign Millionaire Sh*t
9%
High Class Street Music 3: Trappin Out a Mansion | South Memphis Kingpin Money Callin
9%
Dum and Dummer Monster
9%
A Time 2 Kill Much Deeper
9%
Role Model Muhammad
9%
BagMen Neva Eva
9%
High Class Street Music 4: American Gangster Never
9%
Dum and Dummer 2 Nintendo
9%
Cross Country Trappin | High Class Street Music 4: American Gangster Not No More
9%
Role Model On God
9%
N***as Get Shot Everyday Paranoid
9%
High Class Street Music 5: The Plug Best Friend | Paper Route Campaign Real Talk
9%
Dum and Dummer Reflection
9%
Cross Country Trappin Rock n' Rollin'
9%
High Class Street Music 2: Hustler's Paradise Rokkin'
9%
Paper Route Frank Roster
9%
King of Memphis Royalty
9%
High Class Street Music 3: Trappin Out a Mansion Sacrafises
9%
Rich Slave Scotch
9%
High Class Street Music 4: American Gangster She Not Mines
9%
Blue Magic Showtime
9%
Paper Route Campaign Sit Still
9%
N***as Get Shot Everyday Slave Owner
9%
Dum and Dummer 2 Sleep with the Roaches
9%
Paper Route Campaign Smoke Talk
9%
Paper Route Campaign Smokin' Habit
9%
Dum and Dummer 2 Somethin' Else
9%
Role Model Space Jam
9%
Gelato Special
9%
Paper Route Campaign Still Pumpin'
9%
Role Model Still Smell Like It
9%
Paper Route Campaign Street Talk
9%
High Class Street Music 5: The Plug Best Friend Take It All
9%
Cross Country Trappin Texas Kool-Aid
9%
Cross Country Trappin Thank tha Plug
9%
High Class Street Music 5: The Plug Best Friend The Plug Best Friend
9%
High Class Street Music 2: Hustler's Paradise Thinkin Like Pac, Feelin' Like Biggie
9%
High Class Street Music 3: Trappin Out a Mansion Trappin Out a Mansion
9%
Blue Magic Trigger Man
9%
Rich Slave Until It Rot
9%
King of Memphis USA
9%
High Class Street Music 5: The Plug Best Friend What I Gotta Do
9%
High Class Street Music 4: American Gangster What's Poppin
9%
Dum and Dummer 2 What u see is what u get
9%
Bosses & Shooters Where the Money
9%
Blue Magic While I'm Rollin' Up
9%
Cross Country Trappin Why Not
9%
Tracking Numbers Win Big
9%
Bosses & Shooters Work On My Wrist
9%
Gelato Yeezy
9%
Paper Route Campaign You Ain't Straight
9%
Blue Magic You Rockin
9%
High Class Street Music 2: Hustler's Paradise 1st Lady
4%
High Class Street Music 4: American Gangster 911
4%
16 Zips Addicted
4%
Bosses & Shooters All About
4%
16 Zips All She Wanna Do
4%
Paper Route Frank Always
4%
High Class Street Music 3: Trappin Out a Mansion Any Many Miny Moe
4%
16 Zips Ask Your B***h
4%
16 Zips Back Against the Wall
4%
Dum and Dummer Back at It
4%
East Atlanta Memphis Backyard
4%
High Class Street Music Badboy wit Dirty Money
4%
A Time 2 Kill Bars
4%
A Time 2 Kill Been Thru It All
4%
Paper Route Frank Beep Beep
4%
Rich Slave Benz
4%
Rich Slave Blue Diamonds
4%
Bosses & Shooters Bosses
4%
Bosses & Shooters Bosses Shooters
4%
King of Memphis Both Ways
4%
High Class Street Music 2: Hustler's Paradise Bounce
4%
Dum and Dummer 2 Buddy Love
4%
High Class Street Music Ca$hed Out
4%
East Atlanta Memphis Can't Handle Me
4%
Welcome 2 Dolph World Celebration
4%
Dum and Dummer Chill
4%
High Class Street Music 4: American Gangster Choppa on the Couch
4%
High Class Street Music 2: Hustler's Paradise Clear
4%
A Time 2 Kill Clientel
4%
Dum and Dummer 2 Coordinate
4%
Rich Slave Corduroy Houseshoes
4%
Dum and Dummer Cutthroat Committee
4%
High Class Street Music Da Block Talkin'
4%
High Class Street Music 4: American Gangster Dollar Signs
4%
High Class Street Music Don't Make Sence
4%
Dum and Dummer 2 Dummest & the Dummest
4%
Welcome 2 Dolph World Flavor
4%
High Class Street Music Flawless
4%
N***as Get Shot Everyday Flodgin
4%
A Time 2 Kill Gangsta B***h
4%
High Class Street Music 4: American Gangster George
4%
South Memphis Kingpin Get Blow'd
4%
Welcome 2 Dolph World Get to It
4%
East Atlanta Memphis Going Crazy with the Work
4%
A Time 2 Kill Goin In
4%
High Class Street Music 4: American Gangster Goodbye
4%
High Class Street Music 3: Trappin Out a Mansion Grew Up
4%
Dum and Dummer Guess What?
4%
Welcome 2 Dolph World Heavy n' da Streets
4%
A Time 2 Kill Hella Stoned
4%
High Class Street Music High Class Street Music
4%
Welcome 2 Dolph World Homeboyz
4%
King of Memphis How Could
4%
High Class Street Music 2: Hustler's Paradise Hustlers Paradise
4%
South Memphis Kingpin Hypnotized
4%
East Atlanta Memphis I Ain't Even Gonna Lie
4%
High Class Street Music 2: Hustler's Paradise I Apologize
4%
Dum and Dummer 2 I Can Show You
4%
South Memphis Kingpin I Don't Give a F**k
4%
High Class Street Music 2: Hustler's Paradise I Do This
4%
Dum and Dummer If I Ever
4%
High Class Street Music If It Ain't 1 Thang It's Anotha
4%
High Class Street Music Ignit
4%
A Time 2 Kill I Luv All My Hoes
4%
High Class Street Music I'm Bless
4%
Welcome 2 Dolph World I'm Blessed
4%
East Atlanta Memphis I'm Offended
4%
Dum and Dummer 2 I'm the Type
4%
High Class Street Music 2: Hustler's Paradise | Welcome 2 Dolph World I Need My Medicine
4%
High Class Street Music 3: Trappin Out a Mansion Insane (Intro)
4%
High Class Street Music 3: Trappin Out a Mansion Interlude
4%
East Atlanta Memphis Investigation
4%
High Class Street Music 3: Trappin Out a Mansion I Survived
4%
Dum and Dummer It Feel Different
4%
High Class Street Music 2: Hustler's Paradise I Think I'm Sprung
4%
King of Memphis It's Goin' Down
4%
High Class Street Music Keep it Comin'
4%
High Class Street Music 3: Trappin Out a Mansion Kill It
4%
High Class Street Music 3: Trappin Out a Mansion Lebron
4%
King of Memphis Let Me See It
4%
High Class Street Music 4: American Gangster Lets Get It On
4%
Dum and Dummer Like Key
4%
East Atlanta Memphis Like Me
4%
A Time 2 Kill Livin' My Life
4%
High Class Street Music Looong Way
4%
High Class Street Music 3: Trappin Out a Mansion Loves Me Not
4%
Bosses & Shooters Maintain
4%
Welcome 2 Dolph World Mirror Mirror Mirror
4%
East Atlanta Memphis Mob Ties
4%
High Class Street Music Mo Money
4%
High Class Street Music 4: American Gangster Money Hungry
4%
A Time 2 Kill Money Money Money
4%
16 Zips Money Power Respect
4%
A Time 2 Kill Money Talk
4%
Dum and Dummer 2 Move Around
4%
High Class Street Music New School, Ol' School
4%
16 Zips No Matter What
4%
Rich Slave No Regrets
4%
High Class Street Music 3: Trappin Out a Mansion No Sleep
4%
Bosses & Shooters Now They Mad
4%
Rich Slave Obey Your Trust
4%
Paper Route Frank Old Ways
4%
High Class Street Music 3: Trappin Out a Mansion On My Line
4%
King of Memphis On My Way
4%
East Atlanta Memphis On the Run
4%
Welcome 2 Dolph World Out da Park
4%
A Time 2 Kill | High Class Street Music | High Class Street Music 3: Trappin Out a Mansion | South Memphis Kingpin Outro
4%
High Class Street Music Outta Space Flavor, Overseas Swag
4%
Welcome 2 Dolph World Photoshoots & Interviews
4%
N***as Get Shot Everyday Playa
4%
High Class Street Music 2: Hustler's Paradise Playas Night Out
4%
Role Model Playin with a Check
4%
Dum and Dummer 2 Pot of Gold
4%
Dum and Dummer Pride
4%
Cross Country Trappin Put Ur Hands Up
4%
A Time 2 Kill | South Memphis Kingpin Reality Talk
4%
High Class Street Music 2: Hustler's Paradise Real Language
4%
King of Memphis Real Life
4%
BagMen Reason
4%
South Memphis Kingpin Rich N***a
4%
South Memphis Kingpin Ride or Die
4%
A Time 2 Kill Run Thru My Blood
4%
South Memphis Kingpin Same Sh*t
4%
South Memphis Kingpin Scared of Me
4%
Welcome 2 Dolph World Shout Out
4%
High Class Street Music Shoutouts (Interlude)
4%
A Time 2 Kill Sky High
4%
High Class Street Music 2: Hustler's Paradise Smack Down
4%
A Time 2 Kill Smoke Session
4%
Bosses & Shooters Snakes
4%
South Memphis Kingpin So Good
4%
High Class Street Music Still Puttin' It Down
4%
East Atlanta Memphis Story
4%
High Class Street Music Str8 Up (Interlude)
4%
South Memphis Kingpin Stressin
4%
A Time 2 Kill Survival of da Fittest
4%
Bosses & Shooters Taking Care of Business
4%
High Class Street Music 3: Trappin Out a Mansion The Game Is to Be Sold
4%
Rich Slave The Land
4%
High Class Street Music 4: American Gangster These Streets
4%
16 Zips They Watchin
4%
A Time 2 Kill Time 2 Kill
4%
Bosses & Shooters Tony
4%
16 Zips Trap N***a
4%
Bosses & Shooters Wanted
4%
High Class Street Music 3: Trappin Out a Mansion What I Came For
4%
Rich Slave What's da Bizness
4%
Dum and Dummer What's Wrong
4%
South Memphis Kingpin What You Been Doin'
4%
Role Model Whole World
4%
Paper Route Frank Woah
4%
Welcome 2 Dolph World Worth da Wait
4%
High Class Street Music Xtra Bad
4%
Welcome 2 Dolph World You Are What You Eat
4%
BagMen 48 Down and Out
0%
Rich Slave Black Friday Skit
0%
A Time 2 Kill Damn Rite
0%
16 Zips Everyday 240
0%
Rich Crack Baby In My Stream
0%
BagMen Look Like Cinderella
0%
A Time 2 Kill My Time
0%
East Atlanta Memphis My Trap House
0%
High Class Street Music 5: The Plug Best Friend Never End
0%
BagMen Outside Lambo
0%
Thinking Out Loud Point Access
0%
BagMen Pour Muddy
0%
BagMen Preach It
0%
BagMen Rush Hour
0%
BagMen She Addicted
0%
BagMen Show a N***a
0%
A Time 2 Kill Siccc
0%
16 Zips Skit 1
0%
16 Zips Skit 2
0%
Role Model Top Baby
0%
BagMen We Switcharoo
0%
BagMen Who Are You
0%
Single #2 Whole Lotta
0%
Bosses & Shooters Young Dolph 12
0%
No matching quizzes found
Score Distribution
Percent of People with Each Score
Percentile by Number Answered
Your Score History
You have not taken this quiz since the last reset